00254nam a2200109Ia 4500008004100000020001800041082001400059100001200073245003400085260001200119500001300131260604s9999 xx 000 0 und d a9788197429330 a808.3 BLU aBLUEONE 0aBe Thankful For What You have bBLUEONE aThankful